Estadísticas para Letra de villancicos navideños

Haz click aquí para intentar la prueba.

Estadísticas generales

  • Esta prueba ha sido intentada 767 veces
  • La puntuación promedio es 18 de 39

Estadísticas de respuestas

CanciónLetra% Correcto
Niche de pazNoche de {paz}, noche de amor,
94%
25 de diciembre, fum, fum, fumVeinticinco de {diciembre}
90%
El burrito sabanerovoy {camino} de Belén
89%
El burrito sabanerovoy {camino} de Belén
89%
Campana sobre campanaBelén, {campanas} de Belén
85%
El burrito sabaneroCon mi burrito {sabanero},
85%
Campana sobre campanaQue los {ángeles} tocan
83%
Feliz Navidad{Feliz} navidad, {feliz} navidad
81%
El burrito sabanero{Si} me ven, {si} me ven
80%
Campana sobre campana¿A dónde {vas}, pastorcito?
78%
Feliz Navidad{Próspero} año y felicidad
75%
A Belén, pastoresA {Belén}, pastores, debemos marchar
71%
Niche de pazviene anunciando al niño {Jesús}
66%
A Belén, pastoresQue el {Rey} de los reyes ha nacido ya
62%
El burrito sabaneroEl lucerito mañanero {ilumina} mi sendero
58%
25 de diciembre, fum, fum, fum{Fum}, {fum}, {fum}
52%
Blanca NavidadAl llegar la blanca {Navidad}
50%
Campana sobre campanaVoy a llevar al {portal}
50%
Niche de pazBrilla la {estrella} de paz
49%
Campana sobre campana¿Qué {nuevas} me traéis?
49%
A Belén, pastoresLa {Virgen} bendita cuidándolo está
45%
¡Ay! del ChiquirritinAy, del {chiquirritín}, {chiquirriquitín}
41%
Campana sobre campana{Recogido} tu rebaño
35%
¡Ay! del ChiquirritinMetidito entre {pajas}
29%
Niche de pazTodo {duerme} en derredor
23%
Blanca NavidadOh, blanca Navidad, {nieve}
21%
Blanca NavidadOh, blanca Navidad, {sueño}
20%
A Belén, pastoresTiene por morada un {humilde} portal
19%
¡Ay! del Chiquirritin{Queridín}, queridito del alma
16%
Blanca NavidadY con la nieve {alrededor}
16%
Niche de pazentre los {astros} que esparcen su luz
14%
Blanca NavidadUn blanco sueño y un {cantar}
13%
¡Ay! del ChiquirritinPor debajo del {arco} del portalito
12%
Blanca NavidadY es {mensajera} de paz y de puro amor
11%
Blanca NavidadBlanca es mi {quimera}
10%
Blanca NavidadRecordar tu {infancia}, podrás
10%
¡Ay! del ChiquirritinSe {descubre} a María, José y el Niño
10%
A Belén, pastoresVamos, {pastorcitos}, que el Rey celestial
9%
A Belén, pastoresDe {rodillas} todos vamos le a adorar.
8%

Distribución de puntuación

Porcentaje por número respondido

Porcentaje de gente con cada puntuación

Historial de tus puntuaciones

No has intentado esta prueba.